01026nam a22002417a 450000100060000000300080000600500170001400800410003103500190007204000350009104100080012608200320013410000190016624502180018526000820040330000370048550200880052250400330061065000250064365000300066870000480069870000380074683139BD-RjUL20240222181012.0240222s2022bg |||a|||| m||| 00| 0 eng d a(BD-RjUL)83139 aBD-RjULbengcBD-RjULdBD-RjUL aeng 223a632.950954924bBEP 2022 aBegum, Shahnaz10aPesticide use in vegetables fields of Rajshahi district and its impact on human health and environment /cSubmitted By Shahnaz, Begum ;6Principal Supervisor : Md. Abul Kalam Azad, Co-Supervisor : Md. Sultan Ahmed aRajshahi :bInstitute of Environmental Science, University of Rajshahi,c2022 axv, 131 leaves :bill, ;c29.cm. aThesis (Ph. D.) -- Institute of Environmental Science, University of Rajshahi, 2022 aReferences : Leaves 115 -122 aPesticideszRajshahi aHuman healthzBangladesh) aAzad, Md. Abul Kalam, Principal Supervisor  aAhmed. Md. Sultan, Co-Supervisor